000 00440nam a22001817a 4500
003 NUST - PNEC
005 20170116180942.0
008 150616b xxu||||| |||| 00| 0 eng d
020 _a8174091955
040 _cLIBRARY
082 _a510 GRE
100 _94022
_aGrewal, B.S.
245 _aHigher engineering mathematics
_cB.S. Grewal
250 _a39th ed
300 _a714 p. :
650 _94024
_aMathematics
_xME
942 _2ddc
_cBK
999 _c66178
_d66178